| Tag |
First Indicator |
Second Indicator |
Subfields |
| LEADER |
00000cam a2200000 4500 |
| 001 |
in00000084637 |
| 005 |
20151008053200.0 |
| 008 |
711217s1945 nyu 00000 eng u |
| 010 |
|
|
|a 45010816
|
| 035 |
|
|
|a (OCoLC)00184684
|
| 035 |
|
|
|9 AAH6556AM
|
| 040 |
|
|
|c WSU
|d TXA
|d UtOrBLW
|
| 049 |
|
|
|a TXAM
|c 1 [177540]
|
| 050 |
|
0 |
|a LB1525
|b .D85 1945
|
| 092 |
|
|
|a 372.4
|b D965b, 1945
|
| 100 |
1 |
|
|a Durrell, Donald DeWitt,
|d 1903-
|
| 245 |
1 |
0 |
|a Building word power in primary reading /
|c by Donald D. Durrell ... Helen Blair Sullivan ... and Helen A. Murphy ... with the cooperation of Kathryn M. Junkins ...
|
| 250 |
|
|
|a Rev. ed.
|
| 264 |
|
1 |
|a Yonkers-on-Hudson, N.Y. :
|b World book company,
|c [1945]
|
| 300 |
|
|
|a 1 page ., 102 pages
|
| 336 |
|
|
|a text
|b txt
|2 rdacontent
|
| 337 |
|
|
|a unmediated
|b n
|2 rdamedia
|
| 338 |
|
|
|a volume
|b nc
|2 rdacarrier
|
| 650 |
|
0 |
|a Reading (Elementary)
|
| 700 |
1 |
|
|a Sullivan, Helen Blair.
|
| 700 |
1 |
|
|a Murphy, Helen Agnes.
|
| 700 |
1 |
|
|a Junkins, Kathryn M.
|
| 999 |
|
|
|a MARS
|
| 999 |
f |
f |
|s bfd7959b-4afa-3d92-a32c-7c5b24a1a0ec
|i 58d8c543-091a-30b0-ad8a-a62ae92901b1
|t 0
|
| 952 |
f |
f |
|p normal
|a Texas A&M University
|b College Station
|c Sterling C. Evans Library
|d Evans: Library Stacks
|t 0
|e LB1525 .D85 1945
|h Library of Congress classification
|i unmediated -- volume
|m A14800850753
|
| 998 |
f |
f |
|a LB1525 .D85 1945
|t 0
|l Evans: Library Stacks
|